00466 2200181 4500001002100000005001500021035002000036007000300056008004100059020001500100082001000115084001600125100001800141245004900159260003200208300003400240650001000274INLIS00000000000002120260413090304 a0010-0426000007ta260413 g 0 ind  a9799257867 a294.5 a294.5 GED a0 aGede Kamajaya1 aAlam Kehiduoan Sesudah Mati /cGede Kamajaya aSurabaya :bParamita,c2001 av, 86 hlm. ;c14.5cm x 20.5cm 4aHindu